[Event "Extraliga 2017/2018"]
[Site "Praha"]
[Date "2018.01.13"]
[Round "5.1"]
[White "UNI2 Petrik Tomas GM 2473"]
[Black "DUR1 Huschenbeth Niclas GM 2601"]
[Result "0-1"]
[BlackElo "2601"]
[WhiteElo "2473"]
[LiveChessVersion "1.4.8"]

1. e4 {[%clk 1:30:56]} c5 {[%clk 1:30:12]} 2. Nf3 {[%clk 1:31:16]} d6
{[%clk 1:30:38]} 3. d4 {[%clk 1:30:35]} cxd4 {[%clk 1:31:03]} 4. Nxd4
{[%clk 1:31:01]} Nf6 {[%clk 1:31:29]} 5. Nc3 {[%clk 1:31:24]} a6 {[%clk 1:31:56]}
6. Be2 {[%clk 1:29:26]} e5 {[%clk 1:31:50]} 7. Nf3 {[%clk 1:28:31]} Be7
{[%clk 1:31:55]} 8. Bg5 {[%clk 1:27:27]} Nbd7 {[%clk 1:32:20]} 9. a4
{[%clk 1:26:06]} h6 {[%clk 1:32:44]} 10. Bxf6 {[%clk 1:17:06]} Nxf6
{[%clk 1:32:59]} 11. Bc4 {[%clk 1:17:13]} Be6 {[%clk 1:30:31]} 12. Qd3
{[%clk 1:12:35]} Rc8 {[%clk 1:27:54]} 13. Nd2 {[%clk 1:11:29]} Qd7
{[%clk 0:56:45]} 14. O-O {[%clk 0:58:29]} O-O {[%clk 0:56:55]} 15. Bb3
{[%clk 0:45:54]} Qc6 {[%clk 0:46:40]} 16. Rfd1 {[%clk 0:43:45]} Rfd8
{[%clk 0:43:47]} 17. Nf1 {[%clk 0:33:12]} Bxb3 {[%clk 0:42:47]} 18. cxb3
{[%clk 0:33:36]} Qb6 {[%clk 0:35:26]} 19. Qc2 {[%clk 0:20:30]} d5
{[%clk 0:34:12]} 20. exd5 {[%clk 0:20:45]} Bc5 {[%clk 0:31:43]} 21. a5
{[%clk 0:19:55]} Qc7 {[%clk 0:27:12]} 22. Qd3 {[%clk 0:18:54]} Bd4
{[%clk 0:23:22]} 23. Ne3 {[%clk 0:19:13]} g6 {[%clk 0:14:42]} 24. b4
{[%clk 0:14:38]} Kg7 {[%clk 0:11:09]} 25. h3 {[%clk 0:12:55]} Qe7
{[%clk 0:07:25]} 26. b5 {[%clk 0:06:53]} Qb4 {[%clk 0:06:30]} 27. bxa6
{[%clk 0:05:09]} bxa6 {[%clk 0:06:58]} 28. Ne2 {[%clk 0:02:00]} Bxe3
{[%clk 0:03:38]} 29. Qxe3 {[%clk 0:02:00]} Rc2 {[%clk 0:04:04]} 30. Ng3
{[%clk 0:01:15]} Qf4 {[%clk 0:03:15]} 31. d6 {[%clk 0:00:43]} Rxb2
{[%clk 0:01:54]} 32. Rd3 {[%clk 0:00:35]} Qxe3 {[%clk 0:01:45]} 33. fxe3
{[%clk 0:00:52]} h5 {[%clk 0:01:06]} 34. Ra4 {[%clk 0:00:48]} Rc8
{[%clk 0:00:42]} 35. d7 Rd8 {[%clk 0:01:01]} 36. Rc4 {[%clk 0:00:31]} Rb5
{[%clk 0:00:37]} 37. Rc7 {[%clk 0:00:40]} h4 {[%clk 0:01:00]} 38. Ne2
{[%clk 0:00:36]} Rxa5 {[%clk 0:00:56]} 39. Nc3 {[%clk 0:00:33]} Ra3
{[%clk 0:01:02]} 40. Rd6 {[%clk 0:00:33]} Rxd7 {[%clk 0:00:37]} 41. Rdxd7
{[%clk 0:18:57]} Nxd7 {[%clk 0:31:00]} 42. Ne4 {[%clk 0:19:10]} Rd3
{[%clk 0:23:01]} 43. Kf2 {[%clk 0:09:00]} Nf6 {[%clk 0:17:09]} 44. Nxf6
{[%clk 0:05:58]} Kxf6 {[%clk 0:17:35]} 45. Rc6+ {[%clk 0:06:23]} Kf5
{[%clk 0:17:59]} 46. Rxa6 {[%clk 0:06:48]} Rd2+ {[%clk 0:18:24]} 47. Kg1
{[%clk 0:07:14]} Ke4 {[%clk 0:16:19]} 48. Rf6 {[%clk 0:05:01]} Kxe3
{[%clk 0:11:28]} 49. Rf3+ {[%clk 0:04:34]} Kd4 {[%clk 0:11:06]} 50. Rxf7
{[%clk 0:04:59]} e4 {[%clk 0:11:12]} 51. Ra7 {[%clk 0:02:24]} Ke3
{[%clk 0:08:42]} 52. Kh2 {[%clk 0:00:49]} Ke2 {[%clk 0:07:48]} 53. Ra4
{[%clk 0:00:33]} e3 {[%clk 0:07:44]} 54. Rxh4 {[%clk 0:00:53]} Kf1
{[%clk 0:07:00]} 55. Rg4 {[%clk 0:00:40]} Rf2 {[%clk 0:06:55]} 56. Rxg6
{[%clk 0:00:31]} e2 {[%clk 0:07:20]} 57. Re6 {[%clk 0:00:41]} Rxg2+
{[%clk 0:07:45]} 58. Kh1 {[%clk 0:01:00]} Rf2 {[%clk 0:08:07]} 0-1

[Event "Extraliga 2017/2018"]
[Site "Praha"]
[Date "2018.01.13"]
[Round "5.2"]
[White "DUR3 Shengelia David GM 2557"]
[Black "UNI3 Cernousek Lukas IM 2450"]
[Result "1/2-1/2"]
[BlackElo "2450"]
[WhiteElo "2557"]
[LiveChessVersion "1.4.8"]

1. g3 {[%clk 1:30:48]} c5 {[%clk 1:30:17]} 2. c4 {[%clk 1:30:33]} g6
{[%clk 1:30:37]} 3. Bg2 {[%clk 1:30:52]} Bg7 {[%clk 1:31:01]} 4. Nf3
{[%clk 1:31:10]} Nf6 {[%clk 1:30:44]} 5. d4 {[%clk 1:30:08]} cxd4 6. Nxd4
{[%clk 1:30:25]} O-O {[%clk 1:30:22]} 7. Nc3 Qc7 {[%clk 1:23:30]} 8. Qd3
{[%clk 1:29:27]} Nc6 {[%clk 1:23:26]} 9. O-O {[%clk 1:21:01]} Nxd4
{[%clk 1:08:34]} 10. Qxd4 {[%clk 1:16:07]} d6 {[%clk 1:08:59]} 11. Qh4
{[%clk 0:52:22]} Be6 {[%clk 1:00:18]} 12. b3 {[%clk 0:51:06]} Ng4
{[%clk 0:49:40]} 13. Bb2 {[%clk 0:50:20]} Qd7 {[%clk 0:34:39]} 14. Qg5
{[%clk 0:47:25]} a6 {[%clk 0:24:28]} 15. Qd2 {[%clk 0:34:17]} Rab8
{[%clk 0:23:55]} 16. a4 {[%clk 0:31:53]} Rfc8 {[%clk 0:19:37]} 17. Rfd1
{[%clk 0:24:18]} Qc7 {[%clk 0:15:13]} 18. Ne4 {[%clk 0:07:16]} Bxb2
{[%clk 0:08:12]} 19. Qxb2 {[%clk 0:07:44]} Bd7 {[%clk 0:08:25]} 20. h3
{[%clk 0:05:33]} Ne5 {[%clk 0:08:31]} 21. f4 {[%clk 0:05:45]} Nc6
{[%clk 0:07:35]} 22. Rxd6 {[%clk 0:05:54]} Bf5 {[%clk 0:02:19]} 23. Rd2
{[%clk 0:04:11]} Qb6+ {[%clk 0:02:02]} 24. Kh2 {[%clk 0:04:11]} Na5
{[%clk 0:01:18]} 25. Qc3 {[%clk 0:00:41]} Nxb3 {[%clk 0:00:53]} 26. a5
{[%clk 0:00:37]} Qe6 {[%clk 0:00:57]} 27. Ng5 {[%clk 0:00:57]} Qf6
{[%clk 0:01:04]} 28. Qxb3 {[%clk 0:00:51]} Qxa1 {[%clk 0:01:30]} 29. e4
{[%clk 0:00:36]} Be6 {[%clk 0:00:45]} 30. Nxe6 fxe6 {[%clk 0:01:11]} 31. c5
{[%clk 0:01:13]} Kf7 {[%clk 0:00:37]} 32. f5 {[%clk 0:00:37]} Qf6
{[%clk 0:00:45]} 33. fxe6+ {[%clk 0:00:34]} Kg7 {[%clk 0:01:06]} 34. Qc4
{[%clk 0:00:33]} Rc6 {[%clk 0:01:04]} 35. e5 Qxe5 {[%clk 0:00:39]} 36. Bxc6
{[%clk 0:00:54]} bxc6 {[%clk 0:01:06]} 37. Qxa6 {[%clk 0:00:48]} Rb3
{[%clk 0:00:55]} 38. Rg2 {[%clk 0:01:15]} Qxc5 {[%clk 0:01:00]} 39. Qf1
{[%clk 0:01:40]} Qf5 {[%clk 0:00:55]} 40. Qa1+ {[%clk 0:00:43]} Qf6
{[%clk 0:00:34]} 41. Qa2 {[%clk 0:00:54]} Rf3 {[%clk 0:09:51]} 42. Qc4
{[%clk 0:05:18]} Rf1 {[%clk 0:03:08]} 43. Qc5 {[%clk 0:04:07]} Qxe6
{[%clk 0:02:18]} 44. Qd4+ {[%clk 0:00:58]} Qf6 {[%clk 0:02:38]} 45. Qe3
{[%clk 0:01:17]} Qa1 {[%clk 0:01:21]} 46. Qxe7+ {[%clk 0:01:43]} Kg8
{[%clk 0:00:58]} 47. Qd8+ {[%clk 0:00:51]} Kg7 {[%clk 0:01:18]} 48. Qe7+
{[%clk 0:00:57]} Kg8 {[%clk 0:01:46]} 49. Qe6+ {[%clk 0:00:40]} Kg7
{[%clk 0:02:15]} 50. Qd7+ {[%clk 0:00:45]} Kg8 {[%clk 0:02:32]} 51. Qe8+
{[%clk 0:01:08]} 1/2-1/2

[Event "Extraliga 2017/2018"]
[Site "Praha"]
[Date "2018.01.13"]
[Round "5.3"]
[White "UNI4 Bernasek Jan GM 2494"]
[Black "DUR4 Dragnev Valentin IM 2461"]
[Result "1-0"]
[BlackElo "2461"]
[WhiteElo "2494"]
[LiveChessVersion "1.4.8"]

1. d4 {[%clk 1:30:56]} Nf6 {[%clk 1:30:15]} 2. c4 {[%clk 1:31:21]} e6
{[%clk 1:30:42]} 3. Nc3 {[%clk 1:31:45]} d5 {[%clk 1:31:09]} 4. cxd5
{[%clk 1:31:25]} Nxd5 {[%clk 1:31:34]} 5. e4 {[%clk 1:31:00]} Nxc3
{[%clk 1:31:59]} 6. bxc3 {[%clk 1:31:25]} c5 {[%clk 1:32:27]} 7. a3
{[%clk 1:30:40]} g6 {[%clk 1:32:40]} 8. Nf3 {[%clk 1:27:30]} Bg7 {[%clk 1:33:03]}
9. Be3 {[%clk 1:24:46]} Qa5 {[%clk 1:33:02]} 10. Bd2 {[%clk 1:21:39]} O-O
{[%clk 1:20:22]} 11. Be2 {[%clk 1:17:51]} Qc7 {[%clk 1:13:58]} 12. O-O
{[%clk 1:10:47]} b6 {[%clk 1:13:52]} 13. Be3 {[%clk 1:06:08]} Bb7
{[%clk 1:12:58]} 14. Qb1 {[%clk 1:04:50]} Nc6 {[%clk 1:06:42]} 15. Ra2
{[%clk 0:58:21]} Rfd8 {[%clk 1:01:02]} 16. Rd1 {[%clk 0:55:45]} Na5
{[%clk 0:58:04]} 17. Rad2 {[%clk 0:51:47]} Qc6 {[%clk 0:41:40]} 18. Bg5
{[%clk 0:44:18]} f6 {[%clk 0:37:43]} 19. d5 {[%clk 0:42:23]} Qe8 {[%clk 0:32:10]}
20. Be3 {[%clk 0:39:10]} e5 {[%clk 0:31:16]} 21. Rb2 {[%clk 0:37:06]} c4
{[%clk 0:28:57]} 22. Nd2 {[%clk 0:35:03]} Ba6 {[%clk 0:27:30]} 23. Qa2
{[%clk 0:34:59]} Rac8 {[%clk 0:26:40]} 24. Bg4 {[%clk 0:27:48]} Ra8
{[%clk 0:24:31]} 25. Re1 {[%clk 0:23:21]} f5 {[%clk 0:15:01]} 26. exf5
{[%clk 0:22:19]} Qd7 {[%clk 0:15:25]} 27. Qb1 {[%clk 0:17:40]} Bc8
{[%clk 0:13:49]} 28. Be2 {[%clk 0:14:51]} gxf5 {[%clk 0:13:56]} 29. Nxc4
{[%clk 0:13:13]} Nxc4 {[%clk 0:14:23]} 30. Bxc4 {[%clk 0:13:36]} f4
{[%clk 0:14:22]} 31. Qe4 {[%clk 0:10:20]} Kh8 {[%clk 0:11:26]} 32. Bb5
{[%clk 0:08:25]} Qf7 {[%clk 0:09:39]} 33. Bd3 {[%clk 0:06:59]} Bf6
{[%clk 0:08:41]} 34. Bc1 {[%clk 0:05:18]} Rxd5 {[%clk 0:07:58]} 35. c4
{[%clk 0:04:07]} Rxd3 {[%clk 0:07:42]} 36. Qxa8 {[%clk 0:04:22]} Rd8
{[%clk 0:07:46]} 37. Rd2 {[%clk 0:04:00]} Rg8 {[%clk 0:07:33]} 38. f3
{[%clk 0:03:37]} Bb7 {[%clk 0:02:30]} 39. Qxa7 {[%clk 0:04:00]} Qc7
{[%clk 0:02:57]} 40. Qa4 {[%clk 0:01:18]} Bxf3 {[%clk 0:01:49]} 41. Qc2
{[%clk 0:00:36]} Bb7 {[%clk 0:22:17]} 42. Rf2 {[%clk 0:17:58]} Qc5
{[%clk 0:19:38]} 43. Kf1 {[%clk 0:15:29]} Ba6 {[%clk 0:12:56]} 44. Bb2
{[%clk 0:14:38]} Bxc4+ {[%clk 0:11:50]} 45. Kg1 {[%clk 0:15:03]} Rg6
{[%clk 0:09:22]} 46. Kh1 {[%clk 0:08:26]} Kg7 {[%clk 0:08:38]} 47. Rd2
{[%clk 0:06:52]} f3 {[%clk 0:06:21]} 48. gxf3 {[%clk 0:06:03]} Bh4
{[%clk 0:03:08]} 49. Qf5 {[%clk 0:04:08]} Bxe1 {[%clk 0:02:14]} 50. Bxe5+
{[%clk 0:04:31]} Kh6 {[%clk 0:02:24]} 51. Qh3+ {[%clk 0:04:50]} Kg5
{[%clk 0:02:42]} 52. f4# 1-0

[Event "Extraliga 2017/2018"]
[Site "Praha"]
[Date "2018.01.13"]
[Round "5.4"]
[White "DUR5 Ponizil Cyril IM 2478"]
[Black "UNI6 Jirka Jiri IM 2424"]
[Result "1/2-1/2"]
[BlackElo "2424"]
[WhiteElo "2478"]
[LiveChessVersion "1.4.8"]

1. e4 {[%clk 1:30:58]} e5 {[%clk 1:30:59]} 2. Nf3 {[%clk 1:31:18]} Nc6
{[%clk 1:30:54]} 3. Bb5 Nd4 {[%clk 1:25:40]} 4. Nxd4 {[%clk 1:31:50]} exd4
{[%clk 1:26:08]} 5. O-O {[%clk 1:32:05]} Bc5 {[%clk 1:26:10]} 6. c3
{[%clk 1:31:30]} Ne7 {[%clk 1:22:40]} 7. d3 {[%clk 1:30:02]} O-O {[%clk 1:17:04]}
8. Nd2 {[%clk 1:30:28]} c6 {[%clk 1:12:18]} 9. Ba4 {[%clk 1:30:46]} Bb6
{[%clk 1:07:00]} 10. cxd4 {[%clk 1:27:38]} Bxd4 {[%clk 1:05:17]} 11. Nf3
{[%clk 1:27:39]} Bb6 {[%clk 1:05:16]} 12. d4 {[%clk 1:26:23]} d5 {[%clk 1:03:24]}
13. e5 {[%clk 1:24:25]} Bg4 {[%clk 1:00:53]} 14. Bc2 {[%clk 1:24:46]} Ng6
{[%clk 0:36:00]} 15. Be3 {[%clk 0:54:45]} f5 {[%clk 0:13:16]} 16. Qd3
{[%clk 0:46:11]} Bxf3 {[%clk 0:11:42]} 17. gxf3 {[%clk 0:46:08]} Qh4
{[%clk 0:10:29]} 18. Rfd1 {[%clk 0:22:14]} Qh5 {[%clk 0:02:44]} 19. f4
{[%clk 0:10:13]} Nh4 {[%clk 0:03:13]} 20. h3 {[%clk 0:10:35]} Rae8 21. Rdb1
{[%clk 0:06:27]} Nf3+ {[%clk 0:01:49]} 22. Kg2 {[%clk 0:06:00]} Re6
{[%clk 0:01:45]} 23. Rh1 {[%clk 0:05:52]} Nh4+ {[%clk 0:00:37]} 24. Kf1
{[%clk 0:05:06]} Qf3 {[%clk 0:00:51]} 25. Rh2 {[%clk 0:04:43]} Rg6
{[%clk 0:00:38]} 26. Bd1 {[%clk 0:01:43]} Qe4 {[%clk 0:01:07]} 27. Qxe4
{[%clk 0:01:20]} fxe4 28. Bg4 {[%clk 0:01:37]} Nf5 {[%clk 0:00:34]} 29. Rd1
{[%clk 0:01:29]} Re6 {[%clk 0:00:35]} 30. Rg2 {[%clk 0:01:17]} g6
{[%clk 0:00:54]} 31. Bxf5 {[%clk 0:00:59]} Rxf5 {[%clk 0:01:17]} 32. Ke2
{[%clk 0:01:27]} Rh5 {[%clk 0:01:07]} 33. Rg5 {[%clk 0:01:16]} Rxg5
{[%clk 0:01:32]} 34. fxg5 {[%clk 0:01:45]} Re8 {[%clk 0:01:42]} 35. f4
{[%clk 0:01:13]} Kf7 {[%clk 0:00:37]} 36. h4 {[%clk 0:01:40]} Ke6
{[%clk 0:00:39]} 37. h5 {[%clk 0:02:06]} Kf5 {[%clk 0:00:33]} 38. Rh1
{[%clk 0:02:29]} Rc8 {[%clk 0:00:35]} 39. hxg6 {[%clk 0:01:30]} hxg6
{[%clk 0:01:03]} 40. Rh7 {[%clk 0:01:06]} Rc7 {[%clk 0:01:31]} 41. Rh8
{[%clk 0:01:22]} Kg4 {[%clk 0:00:37]} 42. Kf2 {[%clk 0:22:33]} Rd7
{[%clk 0:05:53]} 43. Kg2 {[%clk 0:18:31]} Ba5 {[%clk 0:03:36]} 44. Rf8
{[%clk 0:09:53]} c5 {[%clk 0:00:37]} 45. dxc5 {[%clk 0:08:07]} d4
{[%clk 0:00:56]} 46. e6 {[%clk 0:07:05]} Re7 {[%clk 0:00:38]} 47. Bxd4
{[%clk 0:07:18]} Rxe6 {[%clk 0:01:05]} 48. Be3 {[%clk 0:06:45]} Re7
{[%clk 0:00:55]} 49. Rf6 {[%clk 0:05:52]} Bc7 {[%clk 0:00:51]} 50. Rxg6
{[%clk 0:03:09]} Bxf4 {[%clk 0:01:15]} 51. Kf2 {[%clk 0:03:34]} Be5
{[%clk 0:01:00]} 52. b3 {[%clk 0:03:43]} Rd7 {[%clk 0:00:43]} 53. Ke2
{[%clk 0:03:31]} Kf5 {[%clk 0:00:36]} 54. Rg8 {[%clk 0:03:54]} Rh7
{[%clk 0:00:58]} 55. Rf8+ {[%clk 0:04:00]} Kg6 {[%clk 0:00:51]} 56. b4
{[%clk 0:04:19]} Rh2+ {[%clk 0:01:08]} 57. Rf2 {[%clk 0:04:28]} Rh1
{[%clk 0:01:25]} 58. Rf1 {[%clk 0:04:43]} Rh2+ {[%clk 0:01:49]} 59. Rf2
{[%clk 0:05:12]} Rh1 {[%clk 0:02:12]} 60. c6 {[%clk 0:04:01]} bxc6
{[%clk 0:01:10]} 61. Bxa7 {[%clk 0:04:27]} Kxg5 {[%clk 0:00:41]} 62. Be3+
{[%clk 0:04:51]} Kg6 {[%clk 0:00:42]} 63. a4 {[%clk 0:04:59]} Rb1
{[%clk 0:00:34]} 64. Bd2 {[%clk 0:04:02]} 1/2-1/2

[Event "Extraliga 2017/2018"]
[Site "Praha"]
[Date "2018.01.13"]
[Round "5.5"]
[White "UNI8 Svoboda Svatopluk FM 2419"]
[Black "DUR6 Polak Tomas GM 2516"]
[Result "0-1"]
[BlackElo "2516"]
[WhiteElo "2419"]
[LiveChessVersion "1.4.8"]

1. e4 {[%clk 1:30:43]} d5 {[%clk 1:29:13]} 2. exd5 {[%clk 1:30:59]} Qxd5
{[%clk 1:29:38]} 3. Nc3 {[%clk 1:31:22]} Qa5 {[%clk 1:30:00]} 4. d4
{[%clk 1:31:34]} c6 {[%clk 1:30:15]} 5. Nf3 {[%clk 1:31:34]} Bf5 {[%clk 1:30:12]}
6. Bc4 {[%clk 1:31:17]} e6 {[%clk 1:30:24]} 7. Bd2 {[%clk 1:30:51]} Qb6
{[%clk 1:29:53]} 8. Qe2 {[%clk 1:25:53]} Nf6 {[%clk 1:28:15]} 9. O-O-O
{[%clk 1:21:13]} Nbd7 {[%clk 1:23:39]} 10. Nh4 {[%clk 1:09:02]} Bg6
{[%clk 1:21:48]} 11. Nxg6 {[%clk 1:07:48]} hxg6 {[%clk 1:22:12]} 12. Bxe6
{[%clk 1:06:37]} fxe6 {[%clk 1:21:57]} 13. Qxe6+ {[%clk 1:06:58]} Kd8
{[%clk 1:20:43]} 14. Bg5 {[%clk 1:02:04]} Bb4 {[%clk 0:51:45]} 15. Na4
{[%clk 0:58:08]} Qc7 {[%clk 0:50:29]} 16. Nc5 {[%clk 0:50:47]} Re8
{[%clk 0:38:50]} 17. Qf7 {[%clk 0:49:11]} Re7 {[%clk 0:36:31]} 18. Ne6+
{[%clk 0:46:20]} Kc8 {[%clk 0:35:33]} 19. Nxc7 {[%clk 0:42:13]} Rxf7
{[%clk 0:35:54]} 20. Nxa8 {[%clk 0:42:37]} Kb8 {[%clk 0:33:13]} 21. a3
{[%clk 0:38:06]} Ba5 {[%clk 0:29:44]} 22. b4 {[%clk 0:37:32]} Bd8
{[%clk 0:30:00]} 23. Rhe1 {[%clk 0:35:13]} Kxa8 {[%clk 0:30:13]} 24. Re6
{[%clk 0:23:41]} Kb8 {[%clk 0:27:06]} 25. Rde1 {[%clk 0:16:05]} Kc8
{[%clk 0:26:43]} 26. Bh4 {[%clk 0:09:34]} Nb6 {[%clk 0:23:19]} 27. Kd2
{[%clk 0:04:38]} Nc4+ {[%clk 0:07:31]} 28. Kd3 {[%clk 0:04:26]} Nxa3
{[%clk 0:07:49]} 29. c4 {[%clk 0:02:47]} b5 {[%clk 0:07:32]} 30. cxb5
{[%clk 0:01:37]} cxb5 {[%clk 0:05:09]} 31. R1e5 {[%clk 0:00:51]} Kb7
{[%clk 0:04:31]} 32. Bg3 {[%clk 0:00:52]} Rd7 {[%clk 0:03:53]} 33. Rg5
{[%clk 0:00:36]} Nd5 {[%clk 0:03:35]} 34. Rgxg6 {[%clk 0:01:04]} Nxb4+
{[%clk 0:03:43]} 35. Kc3 {[%clk 0:01:04]} Nd5+ {[%clk 0:03:35]} 36. Kb3
{[%clk 0:01:30]} Nc4 {[%clk 0:03:51]} 37. Be5 {[%clk 0:01:53]} Nc7
{[%clk 0:01:36]} 38. Bxc7 {[%clk 0:02:05]} Bxc7 {[%clk 0:01:58]} 39. h4
{[%clk 0:02:18]} Rf7 {[%clk 0:01:04]} 40. f3 {[%clk 0:02:43]} Bb6
{[%clk 0:00:44]} 41. Rg4 {[%clk 0:02:06]} Rd7 {[%clk 0:29:02]} 42. d5
{[%clk 0:31:59]} Ne3 {[%clk 0:25:08]} 43. Rgg6 {[%clk 0:32:09]} Nf5
{[%clk 0:20:18]} 44. Re4 {[%clk 0:32:04]} Rxd5 {[%clk 0:19:27]} 45. g4
{[%clk 0:32:29]} Nd4+ {[%clk 0:15:44]} 46. Kc3 {[%clk 0:32:45]} Ba5+
{[%clk 0:15:48]} 47. Kb2 {[%clk 0:33:10]} Rd7 {[%clk 0:16:04]} 48. f4
{[%clk 0:33:35]} Rc7 {[%clk 0:12:19]} 49. h5 {[%clk 0:33:27]} Bc3+
{[%clk 0:12:18]} 50. Kb1 {[%clk 0:33:52]} b4 {[%clk 0:09:53]} 51. Rd6
{[%clk 0:34:00]} Nb3 {[%clk 0:09:10]} 52. Re2 {[%clk 0:34:02]} a5
{[%clk 0:08:01]} 53. g5 {[%clk 0:34:13]} a4 {[%clk 0:07:01]} 54. h6
{[%clk 0:34:37]} gxh6 {[%clk 0:07:24]} 55. gxh6 {[%clk 0:35:03]} Bh8
{[%clk 0:05:58]} 56. Rd1 {[%clk 0:34:42]} Nd4 {[%clk 0:02:48]} 57. Re8
{[%clk 0:35:03]} Bf6 {[%clk 0:03:06]} 58. Rf8 {[%clk 0:35:22]} Nb5
{[%clk 0:02:35]} 59. Rxf6 {[%clk 0:33:16]} Nc3+ {[%clk 0:02:59]} 60. Kc1
{[%clk 0:33:11]} Nxd1+ {[%clk 0:02:29]} 61. Kxd1 {[%clk 0:33:11]} b3
{[%clk 0:01:22]} 62. Rf5 {[%clk 0:33:33]} Ka6 {[%clk 0:01:31]} 63. Rf8
{[%clk 0:33:39]} b2 {[%clk 0:01:36]} 0-1

[Event "Extraliga 2017/2018"]
[Site "Praha"]
[Date "2018.01.13"]
[Round "5.6"]
[White "DUR7 Blahynka Martin IM 2418"]
[Black "UNI11 Simek Petr (86) FM 2377"]
[Result "1/2-1/2"]
[BlackElo "2377"]
[WhiteElo "2418"]
[LiveChessVersion "1.4.8"]

1. e4 {[%clk 1:30:26]} e5 {[%clk 1:30:52]} 2. Nf3 {[%clk 1:30:51]} Nc6
{[%clk 1:31:16]} 3. Bb5 {[%clk 1:31:17]} a6 {[%clk 1:31:40]} 4. Bxc6
{[%clk 1:31:25]} dxc6 {[%clk 1:32:03]} 5. O-O {[%clk 1:31:51]} Qf6
{[%clk 1:32:13]} 6. d4 {[%clk 1:29:18]} exd4 {[%clk 1:32:32]} 7. Bg5
{[%clk 1:29:35]} Qd6 {[%clk 1:32:51]} 8. Qxd4 {[%clk 1:24:44]} Qxd4
{[%clk 1:33:01]} 9. Nxd4 {[%clk 1:25:09]} Bd7 {[%clk 1:33:09]} 10. Nc3
{[%clk 1:21:20]} Ne7 {[%clk 1:31:43]} 11. Rad1 {[%clk 1:05:16]} O-O-O
{[%clk 1:29:43]} 12. Rd2 {[%clk 0:48:22]} h6 {[%clk 1:04:26]} 13. Bh4
{[%clk 0:48:46]} g5 {[%clk 1:03:10]} 14. Bg3 {[%clk 0:49:12]} Bg7
{[%clk 1:03:25]} 15. f4 {[%clk 0:34:17]} c5 {[%clk 0:57:27]} 16. Nde2
{[%clk 0:18:30]} f5 {[%clk 0:54:09]} 17. e5 {[%clk 0:14:03]} Be6 {[%clk 0:40:06]}
18. Rfd1 {[%clk 0:14:01]} Rxd2 {[%clk 0:40:19]} 19. Rxd2 {[%clk 0:14:26]} Rd8
{[%clk 0:40:41]} 20. Rxd8+ {[%clk 0:14:00]} Kxd8 {[%clk 0:41:06]} 21. Bf2
{[%clk 0:05:38]} b6 {[%clk 0:24:36]} 22. g3 {[%clk 0:05:52]} Kd7 {[%clk 0:24:24]}
23. Kf1 {[%clk 0:03:28]} Nd5 {[%clk 0:20:36]} 24. Ke1 {[%clk 0:02:20]} Bf8
{[%clk 0:15:11]} 25. Kd2 {[%clk 0:02:15]} Nxc3 {[%clk 0:11:56]} 26. Nxc3
{[%clk 0:02:31]} Bc4 {[%clk 0:01:54]} 27. a3 {[%clk 0:00:51]} Ke6
{[%clk 0:01:04]} 1/2-1/2

[Event "Extraliga 2017/2018"]
[Site "Praha"]
[Date "2018.01.13"]
[Round "5.7"]
[White "UNI13 Jurcik Martin FM 2328"]
[Black "DUR8 Roubalik Jakub  2400"]
[Result "1/2-1/2"]
[BlackElo "2400"]
[WhiteElo "2328"]
[LiveChessVersion "1.4.8"]

1. e4 {[%clk 1:30:53]} c5 {[%clk 1:30:48]} 2. Nf3 {[%clk 1:31:06]} d6
{[%clk 1:31:11]} 3. d4 {[%clk 1:31:15]} cxd4 {[%clk 1:31:36]} 4. Nxd4
{[%clk 1:31:38]} Nf6 {[%clk 1:32:01]} 5. Nc3 {[%clk 1:31:48]} a6 {[%clk 1:32:26]}
6. Be2 {[%clk 1:31:45]} e5 {[%clk 1:32:17]} 7. Nb3 {[%clk 1:31:42]} Be7
{[%clk 1:32:32]} 8. O-O {[%clk 1:31:18]} O-O {[%clk 1:31:48]} 9. Be3
{[%clk 1:30:16]} Nbd7 {[%clk 1:28:26]} 10. a4 {[%clk 1:27:14]} b6
{[%clk 1:28:18]} 11. Qd2 {[%clk 1:26:26]} Bb7 {[%clk 1:27:50]} 12. f3
{[%clk 1:25:16]} Qc7 {[%clk 1:22:33]} 13. Rfd1 {[%clk 1:24:42]} Rfd8
{[%clk 1:05:38]} 14. Qe1 {[%clk 1:22:13]} Nh5 {[%clk 0:51:33]} 15. Bf1
{[%clk 1:13:22]} Bf6 {[%clk 0:40:09]} 16. Qd2 {[%clk 1:04:29]} Nc5
{[%clk 0:32:21]} 17. Nd5 {[%clk 1:00:14]} Bxd5 {[%clk 0:32:08]} 18. Qxd5
{[%clk 1:00:33]} Nf4 {[%clk 0:30:08]} 19. Qc4 {[%clk 0:54:08]} Bg5
{[%clk 0:30:16]} 20. Kh1 {[%clk 0:51:07]} Qe7 {[%clk 0:29:43]} 21. Nxc5
{[%clk 0:49:05]} bxc5 {[%clk 0:28:39]} 22. a5 {[%clk 0:48:55]} Nh3
{[%clk 0:25:33]} 23. Bxg5 {[%clk 0:45:14]} Nxg5 {[%clk 0:26:00]} 24. Qc3
{[%clk 0:44:16]} Ne6 {[%clk 0:21:19]} 25. Bc4 {[%clk 0:42:01]} Nd4
{[%clk 0:17:56]} 26. Qd3 {[%clk 0:41:16]} Nc6 {[%clk 0:17:02]} 27. Qd2
{[%clk 0:34:59]} h6 {[%clk 0:12:14]} 28. Ra3 {[%clk 0:32:02]} Qc7
{[%clk 0:10:05]} 29. b3 {[%clk 0:16:36]} Kf8 {[%clk 0:08:16]} 1/2-1/2

[Event "Extraliga 2017/2018"]
[Site "Praha"]
[Date "2018.01.13"]
[Round "5.8"]
[White "DUR10 Chytilek Roman IM 2335"]
[Black "UNI14 Kovar Vojtech  2266"]
[Result "1-0"]
[BlackElo "2266"]
[WhiteElo "2335"]
[LiveChessVersion "1.4.8"]

1. Nf3 {[%clk 1:30:50]} g6 {[%clk 1:30:20]} 2. d4 {[%clk 1:29:53]} Nf6
{[%clk 1:30:16]} 3. g3 {[%clk 1:28:47]} Bg7 {[%clk 1:29:51]} 4. Bg2
{[%clk 1:28:58]} O-O {[%clk 1:30:15]} 5. O-O {[%clk 1:28:50]} d6 {[%clk 1:30:38]}
6. Re1 {[%clk 1:25:09]} Nbd7 {[%clk 1:30:36]} 7. a4 {[%clk 1:23:48]} a5
{[%clk 1:28:23]} 8. Na3 {[%clk 1:17:45]} d5 {[%clk 1:12:52]} 9. c4
{[%clk 1:15:48]} e6 {[%clk 1:13:16]} 10. Nb5 {[%clk 1:00:36]} c6 {[%clk 1:13:21]}
11. Nd6 {[%clk 0:59:36]} Qe7 {[%clk 1:10:54]} 12. Bf4 {[%clk 0:48:15]} Nh5
{[%clk 1:08:20]} 13. Nxc8 {[%clk 0:47:27]} Rfxc8 {[%clk 1:08:34]} 14. Bg5
{[%clk 0:47:45]} Bf6 {[%clk 1:08:41]} 15. Bd2 {[%clk 0:44:59]} Qd6
{[%clk 0:59:48]} 16. Qb3 {[%clk 0:38:20]} Bd8 {[%clk 0:52:04]} 17. e4
{[%clk 0:34:04]} dxe4 {[%clk 0:45:23]} 18. Rxe4 {[%clk 0:34:14]} Ndf6
{[%clk 0:40:18]} 19. Re2 {[%clk 0:33:29]} Bc7 {[%clk 0:40:33]} 20. Rae1
{[%clk 0:30:44]} Rab8 {[%clk 0:39:56]} 21. Bc3 {[%clk 0:27:38]} Qd8
{[%clk 0:22:00]} 22. Ng5 {[%clk 0:16:54]} Ng7 {[%clk 0:20:05]} 23. h4
{[%clk 0:13:25]} h6 {[%clk 0:17:57]} 24. Ne4 {[%clk 0:11:55]} Nxe4
{[%clk 0:16:40]} 25. Bxe4 {[%clk 0:11:36]} Bd6 {[%clk 0:16:26]} 26. d5
{[%clk 0:08:15]} cxd5 {[%clk 0:10:38]} 27. cxd5 {[%clk 0:08:32]} e5
{[%clk 0:11:04]} 28. Bb1 {[%clk 0:08:04]} Qd7 {[%clk 0:10:10]} 29. Bxe5
{[%clk 0:06:37]} Bxe5 {[%clk 0:09:32]} 30. Rxe5 {[%clk 0:07:05]} Re8
{[%clk 0:09:51]} 31. Bd3 {[%clk 0:05:52]} Rxe5 {[%clk 0:05:10]} 32. Rxe5
{[%clk 0:06:19]} Rc8 {[%clk 0:04:37]} 33. Re1 {[%clk 0:05:36]} Rc5
{[%clk 0:04:53]} 34. Be4 {[%clk 0:04:50]} Ne8 {[%clk 0:02:59]} 35. Qb6
{[%clk 0:03:34]} Rc4 {[%clk 0:02:46]} 36. Bd3 {[%clk 0:03:12]} Rb4
{[%clk 0:01:27]} 37. Bb5 {[%clk 0:01:51]} Nc7 {[%clk 0:01:50]} 38. d6
{[%clk 0:00:39]} Nd5 {[%clk 0:01:03]} 39. Qc5 {[%clk 0:00:37]} 1-0